Art of the 20th century. (Record no. 19954)

MARC details
000 -LEADER
fixed length control field 01356cam a22003735a 4500
001 - CONTROL NUMBER
control field 016087395
003 - CONTROL NUMBER IDENTIFIER
control field EG-ScBUE
005 - DATE AND TIME OF LATEST TRANSACTION
control field 20220911111831.0
008 - FIXED-LENGTH DATA ELEMENTS--GENERAL INFORMATION
fixed length control field 120510t2012 gw a f b 001 0deng d
020 ## - INTERNATIONAL STANDARD BOOK NUMBER
International Standard Book Number 9783836541145 (hbk.)
040 ## - CATALOGING SOURCE
Original cataloging agency StDuBDS
Language of cataloging eng
Description conventions rda
Transcribing agency StDuBDS
Modifying agency EG-ScBUE
041 1# - LANGUAGE CODE
Language code of text/sound track or separate title eng
Language code of original and/or intermediate translations of text ger
082 04 - DEWEY DECIMAL CLASSIFICATION NUMBER
Classification number 709.04
Item number ART
Edition number 22
245 00 - TITLE STATEMENT
Title Art of the 20th century.
Number of part/section of a work part 1 /
Statement of responsibility, etc Ruhrberg [and three others] ; edited by Ingo F. Walther.
246 3# - VARYING FORM OF TITLE
Title proper/short title Art of the twentieth century
246 34 - VARYING FORM OF TITLE
Title proper/short title Art of the 20th century :
Remainder of title painting, sculpture, new media and photography
264 #1 - PUBLICATION, DISTRIBUTION, ETC. (IMPRINT)
Place of publication, distribution, etc Köln :
Name of publisher, distributor, etc Taschen GmbH,
Date of publication, distribution, etc [2012]
264 #4 - PUBLICATION, DISTRIBUTION, ETC. (IMPRINT)
Date of publication, distribution, etc c2012
300 ## - PHYSICAL DESCRIPTION
Extent 840 pages :
Other physical details illustrations (some color) ;
Dimensions 32 cm
336 ## - CONTENT TYPE
Source rdacontent
Content type term text
Content type code txt
337 ## - MEDIA TYPE
Source rdamedia
Media type term unmediated
Media type code n
338 ## - CARRIER TYPE
Source rdacarrier
Carrier type term volume
Carrier type code nc
504 ## - BIBLIOGRAPHY, ETC. NOTE
Bibliography, etc Includes bibliographical references and index.<br/>
546 ## - LANGUAGE NOTE
Language note Text in English ; translated from the original German.
650 #7 - SUBJECT ADDED ENTRY--TOPICAL TERM
Topical term or geographic name as entry element Art, Modern
Chronological subdivision 20th century
General subdivision History.
Source of heading or term BUEsh
650 #7 - SUBJECT ADDED ENTRY--TOPICAL TERM
Topical term or geographic name as entry element Artists
Form subdivision Biography
Source of heading or term BUEsh
650 #7 - SUBJECT ADDED ENTRY--TOPICAL TERM
Topical term or geographic name as entry element Painting, Modern
Chronological subdivision 20th century
General subdivision History.
Source of heading or term BUEsh
651 ## - SUBJECT ADDED ENTRY--GEOGRAPHIC NAME
Source of heading or term BUEsh
653 ## - INDEX TERM--UNCONTROLLED
Resource For college Communication and mass media
Arrived date list June2015
-- September2015
655 ## - INDEX TERM--GENRE/FORM
Form subdivision Reading book
9 (RLIN) 34232
700 1# - ADDED ENTRY--PERSONAL NAME
Personal name Ruhrberg, Karl,
Relator term author.
700 1# - ADDED ENTRY--PERSONAL NAME
Personal name Walther, Ingo F.,
Relator term editor.
9 (RLIN) 37252
942 ## - ADDED ENTRY ELEMENTS (KOHA)
Source of classification or shelving scheme Dewey Decimal Classification
Call number prefix 709.04 ART
Koha item type Book - Borrowing
Holdings
Withdrawn status Lost status Source of classification or shelving scheme Damaged status Not for loan Collection code Home library Current library Shelving location Date acquired Source of acquisition Cost, normal purchase price Serial Enumeration / chronology Total Checkouts Total Renewals Full call number Barcode Checked out Date last seen Date checked out Cost, replacement price Koha item type
    Dewey Decimal Classification     Alahram Central Library Central Library Second Floor 28/06/2015 Purchase 322.00 299 4 16 709.04 ART 000039165 09/03/2026 19/11/2025 19/11/2025 402.50 Book - Borrowing